Statistiques concernant Géographie Physique d'Europe

Cliquez ici pour prendre le quiz!

Statistiques générales

  • Ce quiz a été pris 12 431 fois
  • Le résultat moyen est 14 sur 23

Statistiques - réponses

IndiceRéponse% Correct
Chaîne de montagnes s'étendant sur huit paysAlpes
89%
Détroit entre l'Espagne et le MarocGibraltar
88%
Chaînes de montagnes entre la France et l'EspagnePyrénées
83%
Plus grandes îles (superficie > 10 000 km²)Irlande
79%
Péninsule comprenant l'Espagne et le PortugalPéninsule ibérique
79%
Plus grandes îles (superficie > 10 000 km²)Islande
78%
Plus longs fleuvesDanube
76%
Mer à l'est de l'ItalieMer adriatique
71%
Mer à l'est de la GrèceMer Egée
71%
Mer incluant les golfes de Botnie et de FinlandeMer baltique
69%
Plus grandes îles (superficie > 10 000 km²)Sardaigne
68%
Plus grandes îles (superficie > 10 000 km²)Sicile
66%
Chaînes de montagnes séparant l'Europe et l'AsieOural
62%
Région comptant la Suède, la Norvège et le DanemarkScandinavie
62%
Vallée glaciaire envahie par les eaux marines typique de NorvègeFjord
56%
La Yougoslavie était située sur cette péninsuleBalkans
49%
Plus grandes îles </br> (superficie > 10 000 km²)Grande-Bretagne
49%
Golfe de l'océan atlantique, entre la France et l'EspagneGolfe de Gascogne
48%
Plus longs fleuvesVolga
46%
Chaînes de montagnes séparant l'Europe et l'AsieCaucase
43%
Péninsule au sud-ouest de l'AngleterreCornouailles
25%
Plus haute montagneElbrouz
25%
Péninsule formant la partie continentale du DanemarkJutland
21%

Distribution des résultats

Percentile par nombre de réponses

% des personnes avec chaque résultat

Votre développement - résultats

Vous n’avez pas pris ce quiz